000 00233 a2200097 4500
001 13426
100 _aRaina, Asoka
245 _aInside raw the story of Indioz
260 _aGhaziabad(U.P)
_bVikas publishing
_c
090 _c10439
_d10439
942 _aNUST-CAE
_cM
_c491
999 _c248499
_d248499